Механизм формирования аномальных структур геохимических полей гидротермальных месторождений золота; Известия Томского политехнического университета [Известия ТПУ]; Т. 308, № 2
| Parent link: | Известия Томского политехнического университета [Известия ТПУ]/ Томский политехнический университет (ТПУ).— , 2000- Т. 308, № 2.— 2005.— [С. 31-36] |
|---|---|
| Autore principale: | |
| Riassunto: | Заглавие с титульного листа Электронная версия печатной публикации Рассмотрены существующие концепции возникновения зональности в гидротермальных рудно-метасоматических системах. Основное внимание уделено дискуссионным физико-гидродинамическим аспектам их формирования. Изложена авторская точка зрения на механизм образования зонально построенных аномальных структур геохимических полей. Предложена гипотеза возникновения и функционирования сероводородного барьера при образовании гидротермальных месторождений. |
| Lingua: | russo |
| Pubblicazione: |
2005
|
| Serie: | Естественные науки |
| Soggetti: | |
| Accesso online: | http://www.lib.tpu.ru/fulltext/v/Bulletin_TPU/2005/v308/i2/05.pdf |
| Natura: | Elettronico Capitolo di libro |
| KOHA link: | https://koha.lib.tpu.ru/cgi-bin/koha/opac-detail.pl?biblionumber=170277 |
MARC
| LEADER | 00000naa2a2200000 4500 | ||
|---|---|---|---|
| 001 | 170277 | ||
| 005 | 20240118110624.0 | ||
| 035 | |a (RuTPU)RU\TPU\book\184672 | ||
| 035 | |a RU\TPU\book\184670 | ||
| 090 | |a 170277 | ||
| 100 | |a 20091120d2005 k y0rusy50 ca | ||
| 101 | 0 | |a rus | |
| 102 | |a RU | ||
| 135 | |a drnn ---uucaa | ||
| 181 | 0 | |a i | |
| 182 | 0 | |a b | |
| 200 | 1 | |a Механизм формирования аномальных структур геохимических полей гидротермальных месторождений золота |f В. Г. Ворошилов | |
| 203 | |a Текст |c электронный | ||
| 215 | |a 1 файл (147 Кб) | ||
| 225 | 1 | |a Естественные науки | |
| 300 | |a Заглавие с титульного листа | ||
| 300 | |a Электронная версия печатной публикации | ||
| 320 | |a [Библиогр.: с. 36 (13 назв.)] | ||
| 330 | |a Рассмотрены существующие концепции возникновения зональности в гидротермальных рудно-метасоматических системах. Основное внимание уделено дискуссионным физико-гидродинамическим аспектам их формирования. Изложена авторская точка зрения на механизм образования зонально построенных аномальных структур геохимических полей. Предложена гипотеза возникновения и функционирования сероводородного барьера при образовании гидротермальных месторождений. | ||
| 337 | |a Adobe Reader | ||
| 461 | 1 | |0 (RuTPU)RU\TPU\book\176237 |t Известия Томского политехнического университета [Известия ТПУ] |f Томский политехнический университет (ТПУ) |d 2000- | |
| 463 | 1 | |0 (RuTPU)RU\TPU\book\184655 |t Т. 308, № 2 |v [С. 31-36] |d 2005 |p 248 с. | |
| 610 | 1 | |a механизмы | |
| 610 | 1 | |a формирование | |
| 610 | 1 | |a аномальные структуры | |
| 610 | 1 | |a геохимические поля | |
| 610 | 1 | |a гидротермальные месторождения | |
| 610 | 1 | |a золото | |
| 610 | 1 | |a концепции | |
| 610 | 1 | |a зональность | |
| 610 | 1 | |a рудно-метасоматические системы | |
| 610 | 1 | |a гидротермальные системы | |
| 610 | 1 | |a физико-гидродинамические аспекты | |
| 610 | 1 | |a гипотезы | |
| 610 | 1 | |a возникновение | |
| 610 | 1 | |a функционирование | |
| 610 | 1 | |a сероводородные барьеры | |
| 610 | 1 | |a труды учёных ТПУ | |
| 610 | 1 | |a электронный ресурс | |
| 700 | 1 | |a Ворошилов |b В. Г. |c геолог |c профессор Томского политехнического университета, доктор геолого-минералогических наук |f 1952- |g Валерий Гаврилович |9 11910 | |
| 801 | 1 | |a RU |b 63413507 |c 20090623 |g PSBO | |
| 801 | 2 | |a RU |b 63413507 |c 20210809 |g PSBO | |
| 856 | 4 | |u http://www.lib.tpu.ru/fulltext/v/Bulletin_TPU/2005/v308/i2/05.pdf | |
| 942 | |c BK | ||